Sports Quiz

Random Sports or NBA Quiz
Score 0/48 Timer 10:00
9 Plays Today
% Correct
Rockets
82.5%
Blazers
80.4%
76ers
79.7%
Magic
79.4%
Cavaliers
79.3%
76ers
77.8%
Magic
77.2%
Lakers
76.9%
Nuggets
76.5%
Knicks
75.6%
Heat
75.1%
Magic
74.1%
Rockets
73.4%
76ers
73.1%
Suns
72.7%
Lakers
72.1%
Lakers
70.6%
Spurs
70.6%
Raptors
70.5%
Bucks
69.6%
Pistons
69.5%
Spurs
68.8%
Pistons
68.4%
Sonics
67.3%
% Correct
Pistons
66.5%
Heat
66.3%
Bucks
66.1%
Hawks
65.9%
Pistons
64.3%
Hawks
63.6%
Cavaliers
63.4%
Nets
63.1%
Celtics
62.8%
Bucks
62.2%
Knicks
61.9%
Hawks
60.6%
Nuggets
59.1%
Sonics
56.9%
Timberwolves
55.8%
Bulls
53.6%
Nets
53.5%
Warriors
53.4%
Celtics
53.2%
Grizzlies
51.1%
Heat
51.1%
Mavericks
47.9%
Wizards
41.3%
Thunder
40.7%
Remove Ads.
Support Sporcle.
Get the best of Sporcle when you Go Orange. This ad-free experience offers more features, more stats, and more fun while also helping to support Sporcle. Thank you for becoming a member.

You're not logged in!

Compare scores with friends on all Sporcle quizzes.
OR
Log In

Show Comments

Extras

Top Quizzes Today


Score Distribution

Your Account Isn't Verified!

In order to create a playlist on Sporcle, you need to verify the email address you used during registration. Go to your Sporcle Settings to finish the process.

Report this User

Report this user for behavior that violates our Community Guidelines.

Details: